000 00374nam a2200157Ia 4500
008 230917s9999||||xx |||||||||||||| ||und||
020 _cFL40
040 _e6972
_aMAIN
041 _aEnglish
082 _a153.753 G969S
100 _aGurvitch, Georges
245 0 _aSpectrum of social time
260 _aDordreeht
_bD Reidal
_c1964
300 _aix, 152 p.
942 _cBK
999 _c216102
_d216102